000 01126cam a22003377a 4500
003 CHAP
005 20220329140013.0
008 971013s1956 r 00010 d
010 _a45371
011 _a46343
035 _a50484
040 _cCHAP
090 _aTesis
100 0 0 _aTerán y Terán, Amador.
_9112378
245 1 3 _aEl programa agrícola nacional. Su funcionamiento en el distrito nacional No. 3. de Tula, Hgo.
260 _aChapingo, Méx. :
_bEl autor,
_c1956
300 _a56 p.
_b: ilus.
502 _aTesis (Ing. Agr. Esp. en Fitotecnia) -- ENA
590 _aALEPH
_b10
_c20130110
_lUCH01
_h1315
590 _aBATCH-UPD
_b10
_c20130110
_lUCH01
_h2041
590 _aBATCH-UPD
_b10
_c20130410
_lUCH01
_h1355
590 _aBATCH-UPD
_b10
_c20130914
_lUCH01
_h1209
590 _aCONVERSION
_b10
_c20130109
_lUCH01
_h1325
650 1 4 _aDistrito de Riego Tula, Hgo.
_932945
650 1 4 _aPolítica agrícola
_zHidalgo.
_990384
901 _aBK
942 _cFOLL
949 _bBC
_cTES
_d-113423
_eTS1
_i50484
_si
949 _bBC
_cTES
_d-113424
_eTS2
_fc.2
_i50484
_si
949 _bBC
_cTES
_d-113425
_eTS2
_fc.3
_i50484
_si
999 _c45371
_d45371